| 000 | 00333nam a2200121Ia 4500 | ||
|---|---|---|---|
| 008 | 191201s2009 xx 000 0 und d | ||
| 100 | _aSHARMA, Varun Dutt | ||
| 245 | 0 | _aEnvironmental Education and Disaster Management | |
| 250 | _a1st | ||
| 260 |
_c2009 _bCBS Publishers and Distributor _aNEW DELHI |
||
| 300 | _a170 | ||
| 942 |
_2ddc _cBK |
||
| 999 |
_c8155 _d8155 |
||